000 00589nam a2200229Ia 4500
003 OSt
005 20220918201259.0
006 a|||||r|||| 00| 0
007 ta
008 220917b |||||||| |||| 00| 0 eng d
024 _a92,843
037 _cTextual
040 _aARTS
_cARTS
_beng
041 _2eng
_aeng
082 _aV1:19:N7, L4
100 _aNaidu M V
_997897
245 0 _aAlliances and balance of power
_b a search for conceptual clarity
260 _c1974
650 _aHISTORY
942 _hV1:19:N7, L4
_cTEXL
_2CC
999 _c216494
_d216494